书目信息 |
| 题名: |
数学解析习题汇编
|
|
| 作者: | г·н·别尔曼 著 ;景毅 译 | |
| 分册: | 上册 | |
| 出版信息: | 北京 高等教育出版社 1957.06 |
|
| 页数: | 298页 | |
| 开本: | 20cm | |
| 丛书名: | ||
| 单 册: | ||
| 中图分类: | O17-44 | |
| 科图分类: | ||
| 主题词: | 数学分析 | |
| 电子资源: | ||
| ISBN: | ||
| 000 | 00634nam0 2200205 450 | |
| 001 | 0654535453 | |
| 005 | 20060726172637.67 | |
| 010 | @dCNY1.10 | |
| 100 | @a20060722d1957 km y0chiy0120 ea | |
| 101 | 0 | @achi@crus |
| 102 | @aCN@b110000 | |
| 200 | 1 | @a数学解析习题汇编@h上册@Ashu xue jie xi xi ti hui bian@fг·н·别尔曼著@Fг·н·bie er man zhu@g景毅等译@Gjing yi deng yi |
| 210 | @a北京@c高等教育出版社@d1957.06 | |
| 215 | @a298页@d20cm | |
| 606 | 0 | @a数学分析 |
| 690 | @aO17-44@v3 | |
| 701 | 0 | @aг·н·别尔曼@Aг·н·bie er man@4著 |
| 702 | 0 | @a景毅@Ajing yi@4译 |
| 801 | 0 | @aCN@bPFT@c20060726 |
| 905 | @a10447@dO17-44@e100:1=2 | |
| 数学解析习题汇编.上册/г·н·别尔曼著/景毅等译.-北京:高等教育出版社,1957.06 |
| 298页;20cm |
| ISBN :CNY1.10 |
| ● |
| 相关链接 |
|
|
|
|
正题名:数学解析习题汇编
索取号:O17-44/100:1=2
 
预约/预借
| 序号 | 登录号 | 条形码 | 馆藏地/架位号 | 状态 | 备注 |
| 1 | 0430727 | 204307277 | 密集书库/ [索取号:O17-44/100:1=2] | 在馆 | |
| 2 | 0430728 | 204307286 | 密集书库/ [索取号:O17-44/100:1=2] | 在馆 | |
| 3 | 0431902 | 204319022 | 密集书库/ [索取号:O17-44/100:1=2] | 在馆 |